000 01023nam a22002897a 4500
001 242
003 FISKH
005 20230309122334.0
008 230309b cb ||||| |||| 00| 0 eng d
020 _a9780545312547
040 _aDLC
_cDLC
_dDLC
_dFISKH
_beng
050 0 0 _aQL737.C435
_bM36 2010
082 0 0 _a599.5/471568
_222
100 1 _aMarsh, Laura F.
245 1 0 _aGreat migrations.
_pWhales /
_cLaura Marsh.
260 _aWashington, D.C. :
_bNational Geographic,
_c2010.
300 _a48 p. :
_bcol. ill. ;
_c24 cm.
500 _aIncludes index.
505 _aM
520 _aIntroduces sperm whales, including their different body parts, how they travel in groups, what they eat, and how they care for their young.
521 8 _a790
_bLexile
521 8 _aM
_bRaz-Plus
650 0 _aSperm whale
_xMigration
_vJuvenile literature.
906 _a7
_bcbc
_corignew
_d1
_eecip
_f20
_gy-gencatlg
942 _2ddc
_cBK
_n0
999 _c242
_d242